|
|
|
|
| LEADER |
01277nam a2200265 a 4500 |
| 001 |
007527342 |
| 008 |
090527r20071976xxua b 001 0 eng d |
| 010 |
|
|
|a 74009772
|
| 020 |
|
|
|a 0030839939
|
| 020 |
|
|
|a 8131500535
|
| 040 |
|
|
|a Uk
|c Uk
|
| 082 |
0 |
0 |
|a 530.4/1
|2 18
|
| 100 |
1 |
|
|a Ashcroft, Neil W.
|
| 245 |
0 |
0 |
|a Solid state physics /
|c Neil W. Ashcroft and N. David Mermin.
|
| 260 |
|
|
|a New York ;
|a London :
|b Holt, Rinehart and Winston ;
|a India :
|b Thomson,
|c c1976 [reprinted 2007]
|
| 300 |
|
|
|a xxi,826p. :
|b ill. :
|c 25cm.
|
| 504 |
|
|
|a Includes bibliographical references and index.
|
| 541 |
1 |
|
|e 00016290
|
| 650 |
|
0 |
|a Solid state physics.
|
| 700 |
1 |
|
|a Mermin, N. David.
|
| 852 |
4 |
|
|a Ayesha Abed Library
|j General shelf
|
| 999 |
|
|
|c 1096
|d 1096
|
| 952 |
|
|
|0 0
|1 0
|2 ddc
|4 0
|6 530_410000000000000_ASH_2007
|7 0
|9 990
|a BRACUL
|b BRACUL
|c GEN
|d 2009-06-24
|g 110.00
|l 10
|m 65
|o 530.41 ASH
|p 3010016290
|q 2026-05-06
|r 2026-03-30
|s 2026-03-30
|t 1
|w 2009-06-24
|y BK
|
| 952 |
|
|
|0 0
|1 0
|2 ddc
|4 0
|6 530_410000000000000_ASH_2007
|7 0
|9 12647
|a BRACUL
|b BRACUL
|c GEN
|d 2010-10-21
|l 5
|m 28
|o 530.41 ASH
|p 3010016289
|r 2025-11-02
|s 2022-06-12
|t 2
|w 2010-10-21
|y BK
|
| 952 |
|
|
|0 0
|1 0
|2 ddc
|4 0
|6 530_410000000000000_ASH
|7 0
|9 14320
|a BRACUL
|b BRACUL
|c GEN
|d 2011-02-03
|l 13
|m 59
|o 530.41 ASH
|p 3010016288
|r 2025-09-09
|s 2025-07-01
|t 3
|w 2011-02-03
|y BK
|